Santa Maria de Montalegre : església de l'antiga Casa de Caritat : centenari 1902-2002 / Josep Masabeu i Tierno església de l'antiga Casa de Caritat :
ISBN:
84-87023-54-1
Descripción Física:
180 p. : il. ; 24 cm
MARC
| LEADER | 00000nam a2200000Ia 4500 | ||
|---|---|---|---|
| 001 | 16464 | ||
| 008 | 160829s9999 xx 000 0 cat d | ||
| 020 | |a 84-87023-54-1 | ||
| 080 | |a B-2-61 | ||
| 100 | |a Masabeu i Tierno, Josep |9 37197 | ||
| 245 | |a Santa Maria de Montalegre : |b església de l'antiga Casa de Caritat : |b centenari 1902-2002 / Josep Masabeu i Tierno | ||
| 260 | |a Terrassa : |b Editorial Albada, DL 2004 | ||
| 300 | |a 180 p. : |b il. ; |c 24 cm | ||
| 590 | |a Bibliografia | ||
| 610 | 2 | 0 | |a Casa de Caritat (Barcelona, Catalunya) |x Història |9 54320 |
| 650 | |a Santa Maria de Montalegre (Església) |x Història |9 37198 | ||
| 901 | |a Arxiu | ||
| 942 | |n 1 | ||
| 952 | |0 0 |1 0 |4 0 |6 B261 |7 1 |9 47745 |a Arxiu |b Arxiu |d 2016-12-01 |l 0 |o B-2-61 |p 16464 |r 2016-12-01 00:00:00 |w 2016-12-01 |y ARXIU | ||
| 999 | |c 51544 |d 51544 | ||